Département Corrèze - Statistiques

Statistiques générales
  • Ce quiz a été pris 71 fois
  • Le résultat moyen est 6 sur 20
Statistiques - réponses
Hint Réponse % Correct
Quel numéro de département porte la Corrèze ? 19
100%
Quel est le chef-lieu départemental ? Tulle
98%
Quelle ville, la plus peuplée de Corrèze était dès le IVe siècle dénommée « Briva Curretia », d'après le terme gaulois « briva » signifiant « pont » ? Brive-la-Gaillarde
67%
Quel ancien président de la République fut également député de la Corrèze entre 1967 et 1986 puis entre 1988 et 1995 ? Jacques Chirac
64%
Quel plateau, aussi appelé « Montagne limousine », s'étend principalement sur le quart nord-est du département ? Plateau de Millevaches
58%
Quelle roche était taillée dans les anciennes carrières des pans de Travassac ? Ardoise
40%
Le 9 juin 1944, quelle division SS y commit un massacre durant lequel 99 habitants sont pendus et quelques 149 autres déportés à Dachau ? 2e division SS « Das Reich »
29%
En quelle année François Hollande fut élu maire de Tulle ? 2001
27%
Quel village, surnommé la « cité aux vingt-cinq tours », est à l'initiative de la création du label « Les Plus Beaux Villages de France », et typique par ses constructions de grès rouge ? Collonges-la-Rouge
24%
Comment se nomme la spécialité culinaire consistant traditionnellement en un gâteau fait de pommes de ttere, de crème, de porc et d'échalotes ? Mounassou
18%
À Saint-Geniez-ô-Merle, quel ensemble de maisons fortes sont des vestiges médiévaux perchés sur un éperon rocheux au cœur de la Xaintrie ? Tours de Merle
15%
Quel site naturel classé en 1912 comporte trois chutes d'eau nommées « le Grand saut », « la Redole » et « la Queue de cheval » ? Cascades de Gimel
11%
Quel événement sportif créé en 2001 et dont la dernière édition a eu lieu en 2013 consistait en une course cycliste disputée par étapes, reliant le département à Paris ? Paris-Corrèze
11%
Bien que plus connue pour ses gisements extraordinaires de pyromorphite, pour l'extraction de quel type de minerai fut à l'origine construite la mine des Farges, n'étant restée en activité que six ans ? Plomb
9%
Quelle romancière évoque à de nombreuses fois dans « Mémoires d'une jeune fille rangée » ses séjours dans le village familial de Saint-Ybard ? Simone de Beauvoir
7%
À La Chapelle-aux-Saints, quelle espèce d'hominidé fut découverte par les frères Amédée, Jean et Paul Bouyssonie ? Néandertalien
5%
Bien que cela soit débattu, quelle race de cheval serait née au sein du Haras national de Pompadour, créé à l'initiative de la Marquise de Pompadour ? Anglo-arabe
4%
Sous quel nom est plus connu Pierre Roger de Beaufort, né entre 1329 et 1331 à Rosiers-d'Égletons, et mort en 1378 à Rome ? Grégoire XI
4%
Dans ce même village de Rosiers-d'Égletons, quelle rivière y prend naissance pour terminer sa course dans la Dordogne ? Doustre
2%
Quel festival de théâtre se tient depuis 1987 principalement autour du Roc du Gour Noir à Saint-Pantaléon-de-Lapleau mais met aussi en valeur l'ensemble du patrimoine corrézien ? Festival de la Luzège
0%
Aucun quiz correspondant
Distribution des résultats
% des personnes avec chaque résultat
Percentile par nombre de réponses
Votre historique - résultats
Vous n’avez pas pris ce quiz